Guess 35 Villarreal footballers by image - Statistics

General Stats
  • This quiz has been taken 124 times
  • The average score is 18 of 35
Answer Stats
Picture Answer % Correct
Diego Forlán
93%
Santi Cazorla
86%
Diego Godín
81%
Juan Román Riquelme
78%
Raul Albiol
78%
Rodri
78%
Dani Parejo
76%
Alberto Moreno
75%
Carlos Bacca
74%
Alphonse Areola
73%
Gerard Moreno
73%
Pau Torres
67%
Geronimo Rulli
62%
Diego López
61%
Paco Alcacer
61%
Serge Aurier
61%
Giovani Lo Celso
59%
Roberto Soldado
54%
Eric Bailly
52%
Denis Cheryshev
48%
Francis Coquelin
48%
Marcos Senna
45%
Giuseppe Rossi
43%
Jonathan Dos Santos
43%
Sergio Asenjo
41%
Robert Pires
37%
Pepe Reina
34%
André Zambo Anguissa
32%
Borja Valero
29%
Fabricio Coloccini
25%
Joan Capdevila
20%
Mario Gaspar
17%
Bruno Soriano
16%
Martin Palermo
13%
Gonzalo Rodríguez
5%
No matching quizzes found
Score Distribution
Percent of People with Each Score
Percentile by Number Answered
Your Score History
You have not taken this quiz